Enciclopedia etnomédica maya = Mayan Ethnomedical Encyclopedia /

Enciclopedia sobre la medicina con base en plantas que practican los mayas de los Altos de Chiapas. Está organizado temáticamente en etnobotánica y etnomedicina; incluye también una sección de referencia con bibliografía y videografía sobre el asunto y un mapa de la región con descripciones de las c...

Fuld beskrivelse

Guardado en:
Bibliografiske detaljer
Hovedforfatter: Berlin, Elois Ann (autor)
Andre forfattere: Berlin, Brent (autor) (autor), Parra, Juan Carlos de la (programación) (programación), Woloch, Barbara (programación) (programación)
Format: Electronisk
Sprog:spansk
Udgivet: San Cristóbal de las Casas, México : El Colegio de la Frontera Sur, 1997, c1997
Fag:
Tags: Tilføj Tag
Ingen Tags, Vær først til at tagge denne postø!

MARC

LEADER 00000nmm^a2200000^a^4500
001 000136408
005 20250521000000.0
009 20260310095319.05
037 |a Acervo ITESO - Biblioteca 
041 |a ESP 
082 |a 306. 08997415  |b BER 
100 |a Berlin, Elois Ann  |e (autor) 
245 1 0 |a Enciclopedia etnomédica maya =  |b Mayan Ethnomedical Encyclopedia /  |c E.A. Berlin, B. Berlin ; autor del software J.C. de la Parra, B. Woloch. 
264 4 |a San Cristóbal de las Casas, México :  |b El Colegio de la Frontera Sur,  |c 1997, c1997 
300 |a 1 disco compacto de computadora 
336 |a datos para computadora  |b cod  |2 rdacontenido 
337 |a computadora  |b c  |2 rdamedio 
338 |a disco de computadora  |b cd  |2 rdasoporte 
520 |a Enciclopedia sobre la medicina con base en plantas que practican los mayas de los Altos de Chiapas. Está organizado temáticamente en etnobotánica y etnomedicina; incluye también una sección de referencia con bibliografía y videografía sobre el asunto y un mapa de la región con descripciones de las comunidades en que se trabajó la investigación que produjo el diccionario. 
546 |a Edición bilingüe español-inglés 
649 |a XX 
650 |a Mayas 
650 |a Indígenas de México -  |z Chiapas 
650 |a Plantas Medicinales -  |z Chiapas 
650 |a Plantas Medicinales -  |z México 
650 |a Botánica -  |z Chiapas 
650 |a Botánica -  |z México 
650 |a Medicina Popular -  |z Chiapas -  |x Enciclopedias y Diccionarios 
650 |a Medicina Popular -  |z México -  |x Enciclopedias y Diccionarios 
650 |a Prácticas Culturales -  |z Chiapas 
650 |a Prácticas Culturales -  |z México 
650 |a Sociología de la Medicina 
650 |a Sociología de la Cultura 
650 |a Antropología Cultural 
700 |a Berlin, Brent  |e (autor) 
700 |a Parra, Juan Carlos de la  |e (programación) 
700 |a Woloch, Barbara  |e (programación) 
910 |a Fondo General 
920 |a Electrónicos - Recursos en Disco 
905 |a 207 
901 |a 0500065275  |b IT2  |c SWB  |u 20250521 
902 |a https://opac.biblio.iteso.mx/vufind/Record/000136408